| 000 | 01584nam a2200289 a 4500 | ||
|---|---|---|---|
| 001 | 000000822 | ||
| 005 | 20240411202003.0 | ||
| 008 | 090522s2005 dr 000 0 spa d | ||
| 020 | _a9993493422 | ||
| 020 | _a9789993493426 | ||
| 040 |
_aDO-SdBNP _bspa _cBNPHU |
||
| 082 |
_a230 _bS211t |
||
| 100 | 1 |
_aSánchez, Ángel Salvador, _d1948- _92873 |
|
| 245 | 1 | 0 |
_aTeología de los derechos humanos / _cÁngel Salvador Sánchez ; prólogo Altagracia Suriel. |
| 260 |
_aSanto Domingo : _bVisión Mundial, _c2005. |
||
| 300 |
_a171 p. ; _c21 cm. |
||
| 500 | _aIncluye biografía del autor en la contracubierta. | ||
| 504 | _aBibliografía : p. 171 | ||
| 505 | 0 |
_gIntroducción -- _gObjetivos -- _gPrólogo -- _tEl Dios de los derechos y la justicia -- _tLos derechos naturales origen y funcionamiento -- _tDerechos humanos y evolución histórica -- _tJesús, el justo defensor de los derechos humanos -- _tEl espíritu Santo por el ser humano -- _tEl ser humano, ¿quién y qué es? -- _tDeclaración universal y fundamento cristiano de los derechos humanos -- _tLos derechos individuales y sociales -- _tLos derechos del ser humano policía y militar -- _tLa iglesia y profetas de Dios: pioneros en promoción de justicia digna -- _tGuía y perfil del defensor de los derechos humanos -- _gBibliografía. |
|
| 590 | _aInventariado, 2018 | ||
| 650 | 4 |
_aTeología y filosofía _92874 |
|
| 650 | 0 |
_aDerechos humanos _9658 |
|
| 650 | 4 |
_aDerecho y evangelio _92875 |
|
| 650 | 4 |
_aDerecho (teología) _92876 |
|
| 700 | 1 |
_aSuriel, Altagracia, _epról. _92877 |
|
| 910 | _aValidado. Control de calidad. EMS | ||
| 999 |
_c818 _d818 |
||